Statistics for 100 Biggest Cities - One Minute Sprint

Click here to take the quiz!

General Stats

  • This quiz has been taken 2,294 times
  • The average score is 26 of 100

Answers on the Map

Answers color-coded by a green-red scale on the quiz's map according to % correct below.
 

Answer Stats

PopulationUrban Area% Correct
22.0 mil20+ MillionNew York City
84%
14.4 mil10+ MillionLondon
78%
11.2 mil10+ MillionParis
77%
17.6 mil10+ MillionLos Angeles
75%
22.1 mil20+ MillionMexico City
64%
39.5 mil20+ MillionTokyo
64%
12.7 mil10+ MillionRio de Janeiro
62%
16.9 mil10+ MillionMoscow
61%
6.25 mil6+ MillionMadrid
59%
21.8 mil20+ MillionSão Paulo
56%
21.1 mil20+ MillionBeijing
53%
9.80 mil6+ MillionChicago
52%
7.60 mil6+ MillionSan Francisco
48%
26.4 mil20+ MillionDelhi
47%
4.50 mil4+ MillionBerlin
45%
15.8 mil10+ MillionBuenos Aires
44%
16.8 mil10+ MillionCairo
44%
9.95 mil6+ MillionLima
43%
6.10 mil6+ MillionMiami
42%
4.65 mil4+ MillionBarcelona
41%
6.55 mil6+ MillionDallas
41%
6.20 mil6+ MillionHouston
41%
5.15 mil4+ MillionMilan
40%
17.1 mil10+ MillionLagos
39%
30.9 mil20+ MillionShanghai
39%
4.90 mil4+ MillionSydney
39%
9.35 mil6+ MillionBogotá
38%
23.2 mil20+ MillionMumbai
38%
7.35 mil6+ MillionBoston
37%
7.05 mil6+ MillionSantiago
37%
5.50 mil4+ MillionAtlanta
35%
5.70 mil4+ MillionDetroit
35%
14.3 mil10+ MillionIstanbul
35%
17.8 mil10+ MillionOsaka
35%
8.35 mil6+ MillionWashington, DC
35%
7.10 mil6+ MillionToronto
34%
28.1 mil20+ MillionJakarta
31%
7.30 mil6+ MillionPhiladelphia
27%
4.33 mil4+ MillionPhoenix
27%
5.45 mil4+ MillionSaint Petersburg
27%
13.4 mil10+ MillionJohannesburg
26%
4.40 mil4+ MillionMelbourne
26%
24.4 mil20+ MillionSeoul
25%
47.7 mil20+ MillionGuangzhou
24%
23.3 mil20+ MillionManila
23%
13.7 mil10+ MillionTehran
23%
10.6 mil10+ MillionKinshasa
22%
4.98 mil4+ MillionGuadalajara
21%
10.4 mil10+ MillionNagoya
21%
4.68 mil4+ MillionAnkara
20%
5.15 mil4+ MillionAlexandria
19%
10.0 mil10+ MillionChennai
19%
16.0 mil10+ MillionKolkata
19%
4.65 mil4+ MillionMonterrey
19%
4.58 mil4+ MillionAccra
18%
4.93 mil4+ MillionBelo Horizonte
16%
24.3 mil20+ MillionKarachi
16%
17.6 mil10+ MillionDhaka
15%
7.25 mil6+ MillionHong Kong
15%
6.70 mil6+ MillionRiyadh
15%
6.85 mil6+ MillionBaghdad
14%
10.5 mil10+ MillionBangalore
14%
16.9 mil10+ MillionBangkok
14%
4.85 mil4+ MillionCologne / Düsseldorf
14%
5.55 mil4+ MillionKhartoum
14%
10.2 mil10+ MillionLahore
14%
5.20 mil4+ MillionNairobi
14%
5.30 mil4+ MillionDar es Salaam
13%
6.80 mil6+ MillionLuanda
12%
6.90 mil6+ MillionSingapore
12%
11.4 mil10+ MillionTianjin
12%
8.00 mil6+ MillionWuhan
12%
6.65 mil6+ MillionXi'an
12%
5.05 mil4+ MillionAbidjan
10%
9.05 mil6+ MillionTaipei
9%
10.0 mil10+ MillionXiamen
9%
9.60 mil6+ MillionChengdu
8%
4.68 mil4+ MillionColombo
8%
9.00 mil6+ MillionHyderabad
8%
7.00 mil6+ MillionKuala Lumpur
7%
6.10 mil6+ MillionPune
7%
7.45 mil6+ MillionAhmedabad
6%
7.05 mil6+ MillionChongqing
6%
5.15 mil4+ MillionHarbin
6%
5.95 mil4+ MillionBandung
5%
8.30 mil6+ MillionHangzhou
5%
8.25 mil6+ MillionHo Chi Minh City
5%
6.85 mil6+ MillionNanjing
5%
4.70 mil4+ MillionSurabaya
5%
7.65 mil6+ MillionShenyang
4%
5.70 mil4+ MillionSurat
4%
4.45 mil4+ MillionChangsha
3%
4.53 mil4+ MillionChittagong
3%
5.70 mil4+ MillionQingdao
3%
4.55 mil4+ MillionHefei
2%
7.95 mil6+ MillionShantou
2%
5.90 mil4+ MillionWenzhou
2%
5.15 mil4+ MillionYangon
2%
4.68 mil4+ MillionZhengzhou
2%
4.50 mil4+ MillionDalian
1%

Score Distribution

Percentile by Number Answered

Percent of People with Each Score

Your Score History

You have not taken this quiz